Actors With Long First Names - Statistics

General Stats
  • This quiz has been taken 38 times
  • The average score is 8 of 15
Answer Stats
Role Actor % Correct
Marty McFly, Stuart Little, Alex Keaton Michael J. Fox
85%
Edward Scissorhands, Willy Wonka, Tom Hanson Johnny Depp
82%
Rachel Green, Audrey Spitz, Polly Prince Jennifer Aniston
76%
Duke, Magic Mike, Greg Jenko Channing Tatum
67%
Jim Ignatowski, Doc Brown, Professor Plum Christopher Lloyd
67%
Gale Weathers, Monica Gellar, Jules Cobb Courtney Cox
61%
Vito Corleone, Jake LaMotta, Max Cady Robert De Niro
61%
Dracula, Count Dooku, Saruman Christopher Lee
58%
Sydney Bristow, Elektra, Jenna Rink Jennifer Garner
55%
Sarah Harding, Amber Waves, Clarice Starling Julianne Moore
45%
Chuck Bartowski, Shazam!, Flynn Rider Zachary Levi
39%
Alex Russo, Mabel Mora, Mavis Dracula Selena Gomez
36%
James Kirk, Steve Trevor, Jack Frost Chris Pine
27%
Snowball, Mouse Finbar, Roland Kevin Hart
21%
Jiminy Glick, Jack Frost, The Cat in the Hat Martin Short
15%
No matching quizzes found
Score Distribution
Percent of People with Each Score
Percentile by Number Answered
Your Score History
You have not taken this quiz